000 00847nam a22003017a 4500
003 CHAP
005 20220329134558.0
008 971013s1891 r 00010 d
010 _a22455
011 _a23427
035 _a27523
040 _cCHAP
090 _aTesis
100 0 0 _aAtristaín, Federico.
_98278
245 _aCultivo y explotación del naranjo
260 _as.l. :
_bEl autor,
_c1891
300 _a4 h
502 _aTesis (Ing. Agrónomo) -- ENA.
590 _aALEPH
_b10
_c20130110
_lUCH01
_h1246
590 _aBATCH-UPD
_b10
_c20130110
_lUCH01
_h1453
590 _aBATCH-UPD
_b10
_c20130410
_lUCH01
_h0919
590 _aBATCH-UPD
_b10
_c20130914
_lUCH01
_h1835
590 _aCONVERSION
_b10
_c20130109
_lUCH01
_h1313
650 1 4 _aNaranja.
_980130
901 _aBK
942 _cTESIS
949 _bBC
_cTES
_d-63869
_eTS1
_i27523
_si
999 _c22455
_d22455